Miasta z największym przyrostem i spadkiem ludności w Polsce 2018/19 - Statystyki

Ogólne statystyki
  • Ten quiz został rozwiązany 1 razy
  • Średni wynik to 2 z 10
Statystyki odpowiedzi
Wartość Ludność
2018/19
Zmiana
Powierzchni
Miasto % Poprawnych
+3,76% 32686/33914 - Marki
100%
+3,95% 12507/13001 - Niepołomice
100%
-3,20% 1625/1573 - Cedynia
0%
-2,35% 1403/1370 - Górzno
0%
-2,61% 3373/3285 - Hel
0%
-3,20% 1467/1420 - Jaraczewo
0%
+4,48% 187374/195774 - Kielce
0%
-3,11% 2668/2585 - Leśnica
0%
+63,16% 7524/12276 +217,39% SędziszówMałopolski
0%
+6,50% 7410/7892 - Siechnice
0%
Nie znaleziono quizów pasujących do podanych kryteriów
Rozkład punktacji
Procent ludzi z każdym wynikiem
Percentyl według liczby udzielonych odpowiedzi
Twoja historia wyników
Nie rozwiązałeś tego quizu